000 01372nam a2200277 a 4500
001 BRCA_8489
003 FranzMayer
005 20230724102600.0
008 270416s1771----sp-#######---#000-0#spa-#
040 _aMFM
_besp
_cMFM
041 _aspa
044 _asp
084 _aBE4
_b.A58 1771
100 1 _aAntonio Andrés
_cFray
_921275
245 1 0 _aSermones panegiricos
_csu autor el M.R.P. Fr. Antonio Andrés ; que dedica el autor al reverendísimo P. Fr. Antonio Juan de Molina a expensas de don Diego Mallen.
260 _aValencia
_bPor Benito Monfort, junto al Hospital de pobres Estudiantes
_c1771
300 _a[14], 424 p. (t.2)
_c20.5 x 15 cm.
500 _aEstado físico : lomo semi desprendido
500 _aCon marca de fuego : ´Procedencia de la marca: Convento de San Antonio de Querétaro. Institución: Orden de Frailes Menores Descalzos. Provincia de San Diego de México. Descripción: Monograma; letras iniciales y texto en el contorno: S A[ntonio] Q[ueréta]ro. Ubicación de la marca en el libro: Canto superior, inferior y lateral´
650 1 4 _aSermones españoles
_921276
700 1 _aMolina, Antonio Juan de
_cFray
_921277
700 1 _aMallen, Diego
_921278
856 _ahttp://www.marcasdefuego.buap.mx:8180/xmLibris/projects/firebrand/item.jsp?repository=marcas_de_fuego&key=422f0a15.xml&num=17
902 _aCFM
942 _2lcc
_cB
999 _c8156
_d8156